Statistics for Easiest Quiz Ever

Click here to take the quiz!

General Stats

  • This quiz has been taken 944 times
    (32 since last reset)
  • The average score is 15 of 16

Answer Stats

HintAnswer% Correct
5+510
100%
1+12
100%
1+12
100%
1+12
100%
1+12
100%
1+12
100%
1+12
100%
1+12
100%
1+12
100%
1+12
100%
1+12
100%
1+12
100%
1+12
100%
1+12
61%
1+12
61%
1+1112
56%

Score Distribution

Percentile by Number Answered

Percent of People with Each Score

Your Score History

You have not taken this quiz since the last reset